Statistics for UEFA Team of the Year Appearances

Click here to take the quiz!

General Stats

  • This quiz has been taken 54 times
  • The average score is 13 of 16

Answer Stats

AppearencesAnswerNationality% Correct
15Cristiano RonaldoPortuguese
100%
12Lionel MessiArgentine
100%
6Andrés IniestaSpanish
98%
5XaviSpanish
95%
9Sergio RamosSpanish
93%
4Zlatan IbrahimovićSwedish
91%
5Gerard PiquéSpanish
89%
5Gianluigi BuffonItalian
84%
6Iker CasillasSpanish
82%
4Manuel NeuerGerman
80%
5Philipp LahmGerman
73%
6Carles PuyolSpanish
68%
5Dani AlvesBrazilian
66%
5Thierry HenryFrench
66%
4John TerryEnglish
52%
4Alessandro NestaItalian
39%

Score Distribution

Percentile by Number Answered

Percent of People with Each Score

Your Score History

You have not taken this quiz